Comportamiento estratégico en el sistema bancario costarricense /
Сохранить в:
| Главный автор: | |
|---|---|
| Формат: | Текст |
| Метки: |
Добавить метку
Нет меток, Требуется 1-ая метка записи!
|
MARC
| LEADER | 00000 a a2200000 04500 | ||
|---|---|---|---|
| 001 | 2996 | ||
| 003 | |||
| 040 | |||
| 100 | |a Rojas, Mariano | ||
| 245 | |a Comportamiento estratégico en el sistema bancario costarricense / |c Mariano Rojas | ||
| 773 | |g volumen 17, número 2; páginas 215-252 | ||
| 999 | |c 37887 |d 37887 | ||
